| 000 | 01854cam a22005054i 4500 | ||
|---|---|---|---|
| 003 | PE-LiUPU | ||
| 005 | 20250731184530.0 | ||
| 008 | 150623s r 000 0 d | ||
| 020 | _a9657027004 | ||
| 035 | _a(Sirsi) i9789657027004 | ||
| 040 |
_aPE-LiUPU _bspa _cPE-LiUPU _erda |
||
| 049 | _aPRUA | ||
| 082 | 0 | 4 |
_a929.82 _bS77 _221 |
| 245 | 0 | 0 |
_aSeals and sealing in the ancient Near East : _bproceedings of the symposium held on September 2, 1993, Jerusalem, Israel / _ceditado por Joan Goodnick Westenholz. |
| 264 | 1 |
_aJerusalem : _bBible Lands Museum Jerusalem, _c1995. |
|
| 300 |
_a145 páginas : _bilustraciones gráfs, láms. ; _c28 centímetros |
||
| 336 |
_atext _2rdacontent |
||
| 337 |
_aunmediated _2rdamedia |
||
| 338 |
_avolume _2rdacarrier |
||
| 490 | 0 |
_aBible Lands Museum Jerusalem. Publications ; _v1 |
|
| 504 | _aIncluye bibliografía. | ||
| 505 | 0 | _aOpening remarks. -The use of seals in the ancient near east. -Local seal use. | |
| 526 | _aP136 | ||
| 526 | _aP135 | ||
| 526 | _aP134 | ||
| 526 | _aP133 | ||
| 526 | _aP144 | ||
| 526 | _aP143 | ||
| 526 | _aP87 | ||
| 526 | _aP35 | ||
| 526 | _aP20 | ||
| 526 | _aP14 | ||
| 526 | _aP10 | ||
| 526 | _aP06 | ||
| 650 | 0 | 4 |
_aOriente Medio _xAntigüedades _vCongresos. |
| 650 | 0 | 4 |
_aSellos (Numismática) _zOriente Medio _zEstados Unidos. |
| 700 | 1 |
_aWestenholz, Joan Goodnick, _d1943-, _eed. |
|
| 710 | 2 | _aMuze'en artsot ha-Mikra (Jerusalén) | |
| 942 |
_2ddc _cBOOK |
||
| 949 |
_a929.82 S77 _wDEWEY _c1 _i45053 _lCCODEBUL1 _mBUL _r0 _sY _tBOOK _u2015-6-24 _xTEOLOGIA _PP35 _0COMPRA _o.STAFF. Colección General |
||
| 994 |
_aC0 _bPEPRU |
||
| 596 | _a1 | ||
| 999 |
_a929.82 S77 _wDEWEY _c21936 _i45053 _f2021-11-11 _g5 _lCCODEBUL1 _mBUL _r0 _sY _tBOOK _u2015-6-24 _xTEOLOGIA _PP35 _0COMPRA _o.STAFF. Colección General _d21936 |
||
| 980 |
_81 _gALBERTO SANCHEZ Responsable de Automatización |
||